01545cam a22003375a 4500003000900000005001700009008004100026020001500067020001800082040004600100082002000146245014600166264006100312264001000373300002800383336002600411337002800437338002700465504005100492520023400543650008000777650007500857651001000932653002600942655002400968700003400992700003001026942001201056999001501068952012401083EG-ScBUE20220628122216.0180829t1994 enka f b 001 0 eng d a0471943428 a9780471943426 aEG-ScBUE bengerdacEG-ScBUE dEG-ScBUE 04a421.52bHAN22200aHandbook of spelling :btheory, process, and intervention /cedited by Gordon D. A. Brown and Nick C. Ellis, University of Wales, Bangor, UK. 1aWest Sussex, England :bJohn Wiley and Sons Ltd,c[1994] 4cc1994 axiv, 542 pages ;c25 cm 2rdacontentatextbtxt 2rdamediaaunmediatedbn 2rdacarrieravolumebnc aIncludes bibliographical references and index. aThis volume contains contributions from researchers at the forefront of cognitive and developmental psychology, linguistics and psycholinguistics, neuropsychology, computational approaches, connectionism and educational research. 7aEnglish languagexOrthography and spellingvHandbooks, manuals, etc.2BUEsh 7aEnglish languagexOrthography and spellingxStudy and teaching.2BUEsh 2BUEsh bHHUUEENNcOctober2018 vReading book9342321 aBrown, Gordon D. A.,eeditor.1 aEllis., Nick C.,eeditor. 2ddccBB c2099d2099 00102ddc40708AlahramaMAINbMAINc2NDd2011-02-07ePurchaseg401.30o421.52 HANp000002254r2025-07-15 00:00:00yBB